Pokémon - Les attaques de Hypnomade - Statistiques

Statistiques générales
  • Ce quiz a été pris 17 fois
  • Le résultat moyen est 11 sur 19
Statistiques - réponses
Niveaux Types Noms des attaques % Correct
Départ Psy Hypnose
100%
Niveau 49 Psy Psyko
100%
Niveau 25 Psy Rafale Psy
100%
Départ Niveau 9 Psy Choc Mental
88%
Niveau 13 Normal Coup d'Boule
88%
Départ Niveau 53 Ténèbres Machination
88%
Niveau 41 Psy Psykoud'Boul
88%
Départ Normal Écras'Face
75%
Départ Niveau 61 Psy Prescience
75%
Départ Spectre Cauchemar
63%
Niveau 57 Psy Choc Psy
63%
Niveau 17 Poison Gaz Toxik
63%
Départ Niveau 5 Normal Entrave
38%
Niveau 37 Psy Synchropeine
38%
Départ Ténèbres Passe-Passe
25%
Niveau 21 Psy Yoga
25%
Niveau 29 Combat Réveil Forcé
13%
Niveau 33 Normal Boost
0%
Niveau 45 Normal Vantardise
0%
Aucun quiz correspondant
Distribution des résultats
% des personnes avec chaque résultat
Percentile par nombre de réponses
Votre historique - résultats
Vous n’avez pas pris ce quiz